000 00309nam a22001337a 4500
008 180302b xxu||||| |||| 00| 0 eng d
020 _a9781564969705
041 _aeng
080 _a7
100 _a44
101 _aART
245 _aCatalog design: the art of creating desire
_cEdwards,D
942 _2udc
_cBK
999 _c44084
_d44084